000 00424nam a2200157 i 4500
001 50626
003 ES-MaACL
005 20230906162218.0
007 t|
008 030805s1920 fr ||||1| fre d
100 1 _aChadourne, Louis.
_937772
245 1 2 _aL'inquieté adolescence
_b: roman /
_cLouis Chadourne.
260 _aParis :
_b[s.n.],
_c1920 (
_fImp. Lux)
300 _a288 p. ;
_c18 cm.
852 _aES-MaACL
_jF-4763
999 _c50626
_d50626